[Event "Quebec-ch U12"]
[Site "Montreal CAN"]
[Date "2009.11.28"]
[Round "2"]
[White "Samikov, Chingis"]
[Black "Nazarian, Arash"]
[Result "0-1"]
[WhiteElo "1098"]
[BlackElo "1183"]
[PlyCount "170"]
[GameId "2160767910030129"]
[EventDate "2009.11.27"]
[EventType "swiss"]
[EventRounds "5"]
[EventCountry "CAN"]
[SourceTitle "EXT 2011"]
[Source "ChessBase"]
[SourceDate "2011.11.26"]
[SourceVersion "1"]
[SourceVersionDate "2011.11.26"]
[SourceQuality "1"]

1. e4 e5 2. Nf3 Nc6 3. Bb5 a6 4. Ba4 b5 5. Bb3 Bb7 6. c3 d6 7. O-O Be7 8. Re1 Nf6 9. Bc2 Nd7 10. d4 Bf6 11. d5 Ne7 12. Be3 Nb6 13. Bxb6 cxb6 14. Nbd2 g5 15. h3 h5 16. Nh2 Bc8 17. Re3 Ng6 18. a4 Bd7 19. axb5 axb5 20. Rxa8 Qxa8 21. Re1 Nf4 22. Qa1 Qc8 23. Re3 g4 24. hxg4 hxg4 25. g3 Nh3+ 26. Kg2 Nxf2 27. Qf1 Bg5 28. Qxf2 Bxe3 29. Qxe3 Qc5 30. Qxc5 bxc5 31. Nhf1 Ke7 32. c4 b4 33. b3 Ra8 34. Kf2 Kf6 35. Ke2 Kg5 36. Ne3 Ra2 37. Kd1 Ra1+ 38. Nb1 Ra2 39. Kc1 f6 40. Kd1 Ra8 41. Nd2 Rf8 42. Ke2 Be8 43. Kd1 Bg6 44. Ke2 Rh8 45. Ndf1 Rh3 46. Kd1 Rh1 47. Ke2 Rh7 48. Kd1 Rh1 49. Ke2 Rg1 50. Kf2 Rh1 51. Ke2 Rh8 52. Kd1 Ra8 53. Nd2 Ra2 54. Nb1 Rxc2 55. Kxc2 Bxe4+ 56. Kc1 Bxb1 57. Kxb1 f5 58. Kc2 f4 59. gxf4+ exf4 60. Nxg4 Kxg4 61. Kd1 f3 62. Ke1 Kf4 63. Kf1 Ke3 64. Ke1 f2+ 65. Kf1 Kd3 66. Kxf2 Kc3 67. Ke2 Kxb3 68. Kd3 Ka4 69. Kc2 b3+ 70. Kb1 Kb4 71. Kb2 Kxc4 72. Kb1 Kxd5 73. Kb2 c4 74. Kc3 Ke4 75. Kb2 d5 76. Kb1 d4 77. Kc1 c3 78. Kd1 b2 79. Kc2 d3+ 80. Kxc3 b1=Q 81. Kc4 Qc2+ 82. Kb5 d2 83. Kb6 d1=Q 84. Kb7 Qdb1+ 85. Ka8 Qca2# 0-1

[Event "Quebec-ch U12"]
[Site "Montreal CAN"]
[Date "2009.11.28"]
[Round "3"]
[White "Liu, Mu Dong"]
[Black "Samikov, Chingis"]
[Result "0-1"]
[WhiteElo "886"]
[BlackElo "1007"]
[PlyCount "58"]
[GameId "2160767910030130"]
[EventDate "2009.11.27"]
[EventType "swiss"]
[EventRounds "5"]
[EventCountry "CAN"]

1. e4 c5 2. Nf3 d6 3. d4 cxd4 4. Nxd4 Nf6 5. Nc3 a6 6. Be2 e5 7. Nb3 Be7 8. Bg5 Be6 9. Bxf6 Bxf6 10. Nd5 Bxd5 11. Qxd5 Qc7 12. Bc4 O-O 13. O-O-O Be7 14. Na5 Nc6 15. Nxc6 bxc6 16. Qd3 Qb6 17. Qg3 Rab8 18. b3 Qa5 19. Kb2 Qb6 20. f4 exf4 21. Qxf4 Bf6+ 22. c3 Qa5 23. b4 Rxb4+ 24. Bb3 Rxb3+ 25. axb3 Qxc3+ 26. Ka3 Qb2+ 27. Ka4 Rb8 28. Qxd6 Qxb3+ 29. Ka5 Qb5# 0-1

[Event "Quebec-ch U12"]
[Site "Montreal CAN"]
[Date "2009.11.29"]
[Round "4"]
[White "Liu, Mu Dong"]
[Black "Smirnov, Arteme"]
[Result "0-1"]
[WhiteElo "861"]
[BlackElo "1272"]
[PlyCount "134"]
[GameId "2160767910030133"]
[EventDate "2009.11.27"]
[EventType "swiss"]
[EventRounds "5"]
[EventCountry "CAN"]

1. e4 e5 2. Nf3 Nc6 3. Bb5 Bc5 4. Nc3 Nf6 5. Nxe5 Nxe5 6. d4 Bd6 7. dxe5 Bxe5 8. Bg5 h6 9. Bh4 c6 10. Bc4 Qe7 11. O-O O-O 12. f4 Bxc3 13. bxc3 Qxe4 14. Bb3 Qg6 15. Rf3 d5 16. Rg3 Qf5 17. Qf3 Ne4 18. Rg4 Qxg4 19. c4 Qxf3 20. gxf3 Nd2 21. Kf2 Nxb3 22. cxb3 dxc4 23. bxc4 Re8 24. Rg1 Be6 25. Bf6 g6 26. Rc1 Bf5 27. h4 Re6 28. Ba1 Rae8 29. Kf1 Re2 30. Bd4 Rxa2 31. c5 Ree2 32. Rd1 Bh3+ 33. Kg1 Rg2+ 34. Kf1 Rgd2+ 35. Ke1 Rxd1+ 36. Kxd1 Bg2 37. Ke1 Bxf3 38. Kf1 Rh2 39. Bf6 b6 40. cxb6 axb6 41. Kg1 Re2 42. Kf1 b5 43. f5 b4 44. fxg6 fxg6 45. h5 Kf7 46. Bd4 Bxh5 47. Kg1 b3 48. Kf1 Rc2 49. Ke1 c5 50. Bh8 c4 51. Bd4 c3 52. Bxc3 b2 53. Bxb2 Rxb2 54. Kf1 g5 55. Ke1 g4 56. Kf1 g3 57. Kg1 g2 58. Kh2 g1=Q+ 59. Kxg1 Kg6 60. Kf1 Kf5 61. Kg1 Kg4 62. Kf1 Kf3 63. Ke1 Ke3 64. Kf1 Ra2 65. Kg1 Kf3 66. Kh1 Kg3 67. Kg1 Ra1# 0-1

[Event "Quebec-ch U12"]
[Site "Montreal CAN"]
[Date "2009.11.29"]
[Round "5"]
[White "Johnson, Nicholas"]
[Black "Samikov, Chingis"]
[Result "1-0"]
[WhiteElo "1142"]
[BlackElo "1098"]
[PlyCount "150"]
[GameId "2160767910030135"]
[EventDate "2009.11.27"]
[EventType "swiss"]
[EventRounds "5"]
[EventCountry "CAN"]
[SourceTitle "EXT 2011"]
[Source "ChessBase"]
[SourceDate "2011.11.26"]
[SourceVersion "1"]
[SourceVersionDate "2011.11.26"]
[SourceQuality "1"]

1. d4 Nf6 2. c4 e6 3. Nf3 b6 4. Bg5 Be7 5. Nc3 Bb7 6. Rc1 h6 7. Bh4 O-O 8. e3 Re8 9. Bd3 d5 10. Qc2 dxc4 11. Bxc4 Nbd7 12. O-O c5 13. Rfd1 Bxf3 14. gxf3 Qc7 15. Bg3 Qb7 16. Bd3 cxd4 17. exd4 Rac8 18. Qe2 Nb8 19. Ne4 Rxc1 20. Rxc1 Nxe4 21. Qxe4 Qxe4 22. fxe4 Rd8 23. Rc7 Bf8 24. Rxa7 Nc6 25. Ra6 Nb4 26. Ra3 Rxd4 27. Bf1 Rxe4 28. Ra8 Rd4 29. Be5 Rd7 30. Bb5 Rd5 31. Bg3 Nd3 32. Bxd3 Rxd3 33. Rb8 Rd1+ 34. Kg2 f6 35. Rxb6 e5 36. f4 e4 37. Re6 f5 38. a4 Rd2+ 39. Kf1 Bc5 40. Re5 Bb4 41. Be1 Rd1 42. Rb5 Bxe1 43. Ke2 Rd2+ 44. Kxe1 Rxh2 45. b3 Rh1+ 46. Kd2 Rh2+ 47. Ke3 Rh3+ 48. Kd4 g5 49. fxg5 Rd3+ 50. Kc4 f4 51. gxh6 f3 52. Rf5 Rd2 53. Rf4 e3 54. Rxf3 e2 55. Re3 Rc2+ 56. Kd3 Rb2 57. Rxe2 Rxb3+ 58. Kc4 Rb6 59. Rh2 Kh7 60. a5 Rb8 61. a6 Ra8 62. Kb5 Rb8+ 63. Kc6 Ra8 64. Kb7 Rf8 65. Rc2 Rf7+ 66. Rc7 Rxc7+ 67. Kxc7 Kxh6 68. a7 Kg5 69. a8=Q Kf4 70. Qd5 Ke3 71. Qc4 Kf3 72. Qd4 Ke2 73. Qc3 Kf2 74. Qd3 Ke1 75. Qc2 Kf1 1-0

[Event "Quebec-ch U14"]
[Site "Montreal CAN"]
[Date "2009.11.27"]
[Round "1"]
[White "Cote-Lalumiere, Tristan"]
[Black "Poterlot, Charles"]
[Result "1-0"]
[WhiteElo "1614"]
[BlackElo "1026"]
[PlyCount "99"]
[GameId "2160767910030138"]
[EventDate "2009.11.27"]
[EventType "swiss"]
[EventRounds "5"]
[EventCountry "CAN"]
[SourceTitle "hb 2010.01"]

1. e4 e5 2. f4 d6 3. Nf3 Nc6 4. Bc4 b5 5. Bxb5 Bd7 6. d3 Nd4 7. Bc4 Nxf3+ 8. Qxf3 Nf6 9. O-O Bg4 10. Qf2 c6 11. Nc3 Qb6 12. Qxb6 axb6 13. h3 b5 14. Bxf7+ Kxf7 15. hxg4 Nxg4 16. fxe5+ Ke7 17. Bg5+ Ke6 18. exd6 Bxd6 19. Bf4 Raf8 20. Bxd6 Rxf1+ 21. Rxf1 Kxd6 22. Rf3 Ke7 23. Ne2 Rf8 24. Nd4 Ne5 25. Rxf8 Kxf8 26. Kf2 Ng4+ 27. Kf3 Ne5+ 28. Kf4 Ng6+ 29. Kg5 Ne5 30. Kf5 Nf7 31. Nxc6 h5 32. Ne5 g6+ 33. Nxg6+ Kg7 34. Ne5 h4 35. Nxf7 Kxf7 36. d4 b4 37. d5 Ke7 38. e5 Kd7 39. Kf6 Kc7 40. Ke7 b3 41. d6+ Kc6 42. axb3 Kd5 43. d7 Kxe5 44. d8=Q Kf4 45. Qd5 Kg4 46. Qf3+ Kg5 47. Ke6 Kg6 48. Qf5+ Kh6 49. Kf6 h3 50. Qg6# 1-0

[Event "Quebec-ch U14"]
[Site "Montreal CAN"]
[Date "2009.11.27"]
[Round "1"]
[White "Lepine, Cedric"]
[Black "Vallieres, Clovis"]
[Result "1-0"]
[WhiteElo "1814"]
[BlackElo "1014"]
[PlyCount "75"]
[GameId "2160767910030140"]
[EventDate "2009.11.27"]
[EventType "swiss"]
[EventRounds "5"]
[EventCountry "CAN"]
[SourceTitle "hb 2010.01"]

1. e4 d6 2. d4 Nf6 3. Nc3 g6 4. f4 Bg7 5. Nf3 O-O 6. Bc4 Nc6 7. O-O Qd7 8. d5 b5 9. Bxb5 Rb8 10. Bxc6 Qg4 11. h3 Qg3 12. Qe1 Qxe1 13. Rxe1 a5 14. e5 dxe5 15. fxe5 Nh5 16. Kh2 Rb6 17. g4 Nf6 18. exf6 Bxf6 19. Ne4 Bg7 20. Bd2 Rxb2 21. Rec1 Rd8 22. Bxa5 Rxd5 23. Bxd5 Rb5 24. Bxf7+ Kxf7 25. Bc3 Bb7 26. Nfg5+ Kg8 27. Bxg7 Kxg7 28. Rab1 Bc6 29. Rxb5 Bxb5 30. c4 Bc6 31. Rf1 Be8 32. Nc5 e5 33. Nce6+ Kh6 34. Rf8 Bd7 35. Rh8 Bxe6 36. Nxe6 e4 37. g5+ Kh5 38. Rxh7# 1-0

[Event "Quebec-ch U14"]
[Site "Montreal CAN"]
[Date "2009.11.27"]
[Round "1"]
[White "Mokrani, Youcef"]
[Black "Allard, Laurent"]
[Result "0-1"]
[WhiteElo "1021"]
[BlackElo "1843"]
[PlyCount "58"]
[GameId "2160767910030141"]
[EventDate "2009.11.27"]
[EventType "swiss"]
[EventRounds "5"]
[EventCountry "CAN"]
[SourceTitle "hb 2010.01"]

1. e4 c5 2. d4 cxd4 3. Qxd4 Nc6 4. Qd1 g6 5. Nf3 Bg7 6. Bd3 d6 7. O-O Nf6 8. c3 O-O 9. Be3 Ng4 10. Bd4 Nxd4 11. Nxd4 Ne5 12. Bc2 Nc6 13. Nxc6 bxc6 14. Na3 Rb8 15. Rb1 Be6 16. Bb3 Bd7 17. Nc4 c5 18. Ba4 Qe8 19. Bxd7 Qxd7 20. Na5 Qb5 21. Nb3 a5 22. c4 Qb4 23. a3 Qxb3 24. Qxb3 Rxb3 25. Rfe1 Rfb8 26. Re2 Rxb2 27. Rbxb2 Bxb2 28. a4 Bc3 29. g3 Rb4 0-1

[Event "Quebec-ch U14"]
[Site "Montreal CAN"]
[Date "2009.11.27"]
[Round "1"]
[White "Paille, Jordan"]
[Black "Xu, Tian Run"]
[Result "0-1"]
[WhiteElo "1156"]
[BlackElo "1590"]
[PlyCount "86"]
[GameId "2160767910030142"]
[EventDate "2009.11.27"]
[EventType "swiss"]
[EventRounds "5"]
[EventCountry "CAN"]
[SourceTitle "hb 2010.01"]

1. d4 d5 2. Nc3 Nf6 3. Bf4 e6 4. e3 Bb4 5. Nf3 Ne4 6. a3 Bxc3+ 7. bxc3 Nxc3 8. Qd3 Ne4 9. Nd2 Nxd2 10. Qxd2 O-O 11. Bd3 Nd7 12. h4 c5 13. h5 c4 14. Bxh7+ Kxh7 15. h6 g6 16. Bd6 Rg8 17. Qe2 Qf6 18. Rh3 e5 19. dxe5 Nxe5 20. Bxe5 Qxe5 21. g4 Qxa1+ 22. Kd2 Qxa3 23. Qf3 Be6 24. e4 Qxf3 25. Rxf3 dxe4 26. Rf4 f5 27. g5 Rgd8+ 28. Kc3 a5 29. Rh4 a4 30. Rh1 Rd6 31. Ra1 a3 32. Ra2 Rb6 33. Ra1 a2 34. Kd2 Rb1 35. c3 Rxa1 36. f4 Rd1+ 37. Kc2 Rd2+ 38. Kc1 a1=Q+ 39. Kxd2 Qb2+ 40. Ke3 Qc1+ 41. Kd4 Qd2+ 42. Kc5 Qd5+ 43. Kb4 Qa5# 0-1

[Event "Quebec-ch U14"]
[Site "Montreal CAN"]
[Date "2009.11.27"]
[Round "1"]
[White "Yun, Chang"]
[Black "Wu, Qiyou"]
[Result "1/2-1/2"]
[WhiteElo "1393"]
[BlackElo "1726"]
[PlyCount "69"]
[GameId "2160767910030143"]
[EventDate "2009.11.27"]
[EventType "swiss"]
[EventRounds "5"]
[EventCountry "CAN"]
[SourceTitle "hb 2010.01"]

1. e4 c5 2. Nf3 d6 3. d4 cxd4 4. Nxd4 Nf6 5. Nc3 g6 6. Be3 Bg7 7. f3 Nc6 8. Bc4 O-O 9. Qd2 Bd7 10. O-O-O Rc8 11. Bb3 Ne5 12. h4 Nc4 13. Bxc4 Rxc4 14. Nb3 Qc7 15. Bh6 b5 16. Bxg7 Kxg7 17. h5 Rc8 18. Na1 Be6 19. hxg6 fxg6 20. Nxb5 Qb6 21. Nc3 a5 22. a4 Qb4 23. Nb3 Rxc3 24. bxc3 Qa3+ 25. Kb1 Rb8 26. Qc1 Qxa4 27. Rd2 Qb5 28. Ka1 Qa4+ 29. Kb1 Nd7 30. Rd4 Qb5 31. Qh6+ Kf6 32. Qf4+ Kg7 33. Qh6+ Kf6 34. Qf4+ Kg7 35. Qh6+ 1/2-1/2

[Event "Quebec-ch U14"]
[Site "Montreal CAN"]
[Date "2009.11.27"]
[Round "1"]
[White "Zhang, Zhiyuan"]
[Black "Morin-Pare, Victor"]
[Result "1-0"]
[WhiteElo "1883"]
[BlackElo "1265"]
[PlyCount "83"]
[GameId "2160767910030144"]
[EventDate "2009.11.27"]
[EventType "swiss"]
[EventRounds "5"]
[EventCountry "CAN"]
[SourceTitle "hb 2010.01"]

1. e4 e6 2. d4 d5 3. e5 c5 4. c3 Nc6 5. Nf3 Nh6 6. a3 Nf5 7. Bd3 cxd4 8. Bxf5 exf5 9. cxd4 f6 10. exf6 gxf6 11. O-O Qc7 12. Nc3 Be6 13. Re1 Qd7 14. Qe2 Nd8 15. Bf4 Bd6 16. Nxd5 Kf7 17. Bxd6 Qxd6 18. Nc3 Re8 19. Nb5 Qb6 20. Rac1 Re7 21. d5 a6 22. dxe6+ Rxe6 23. Qd2 Rxe1+ 24. Nxe1 Qxb5 25. Rc7+ Kg8 26. Qh6 Nf7 27. Qxf6 Rf8 28. Qc3 Qe5 29. Rxf7 Qxc3 30. Rxf8+ Kxf8 31. bxc3 Ke7 32. Nd3 Kd6 33. c4 b6 34. f3 h5 35. Kf2 b5 36. cxb5 axb5 37. Ke3 Kd5 38. Nb4+ Kc4 39. Nc6 Kc5 40. Nd4 Kc4 41. Nxf5 Kb3 42. Nd4+ 1-0

[Event "Quebec-ch U14"]
[Site "Montreal CAN"]
[Date "2009.11.28"]
[Round "2"]
[White "Adamowicz, Marek"]
[Black "Sprumont, Oscar"]
[Result "1/2-1/2"]
[WhiteElo "1311"]
[BlackElo "1581"]
[PlyCount "68"]
[GameId "2160767910030145"]
[EventDate "2009.11.27"]
[EventType "swiss"]
[EventRounds "5"]
[EventCountry "CAN"]
[SourceTitle "hb 2010.01"]

1. e4 d5 2. exd5 Qxd5 3. Nc3 Qd8 4. Nf3 Nf6 5. Bc4 Bf5 6. d3 c6 7. Bf4 e6 8. O-O Be7 9. Re1 Nd5 10. Nxd5 exd5 11. Bb3 O-O 12. c4 dxc4 13. dxc4 Bf6 14. Qxd8 Rxd8 15. Ne5 Nd7 16. Nxd7 Rxd7 17. Be5 Bxe5 18. Rxe5 Be6 19. Rae1 Rd2 20. c5 Rxb2 21. f4 Rf8 22. R1e3 Bxb3 23. axb3 g6 24. f5 Kg7 25. fxg6 hxg6 26. Re7 Rd8 27. h3 Rdd2 28. Rg3 b6 29. Rxa7 bxc5 30. Rc7 Rd6 31. Rf3 Rf6 32. Rxf6 Kxf6 33. Rxc6+ Kg7 34. Rxc5 Rxb3 1/2-1/2

[Event "Quebec-ch U14"]
[Site "Montreal CAN"]
[Date "2009.11.28"]
[Round "2"]
[White "Allard, Laurent"]
[Black "Cote-Lalumiere, Tristan"]
[Result "1-0"]
[WhiteElo "1843"]
[BlackElo "1614"]
[PlyCount "55"]
[GameId "2160767910030146"]
[EventDate "2009.11.27"]
[EventType "swiss"]
[EventRounds "5"]
[EventCountry "CAN"]
[SourceTitle "hb 2010.01"]

1. e4 c5 2. Nf3 d6 3. d4 cxd4 4. Nxd4 Nf6 5. Nc3 g6 6. Be3 Bg7 7. f3 Nc6 8. Qd2 Bd7 9. Bc4 O-O 10. O-O-O Rc8 11. Bb3 Ne5 12. h4 h5 13. Bh6 Nc4 14. Bxc4 Rxc4 15. Bxg7 Kxg7 16. Kb1 Qa5 17. Nb3 Qc7 18. Nd4 Rc8 19. g4 Rxc3 20. bxc3 Bxg4 21. fxg4 Nxe4 22. Ne6+ fxe6 23. Qd4+ Nf6 24. g5 e5 25. gxf6+ exf6 26. Qxd6 Qxc3 27. Qd7+ Kh8 28. Qd2 1-0

[Event "Quebec-ch U14"]
[Site "Montreal CAN"]
[Date "2009.11.28"]
[Round "2"]
[White "Ma, Indy"]
[Black "Yun, Chang"]
[Result "1-0"]
[WhiteElo "1344"]
[BlackElo "1393"]
[PlyCount "61"]
[GameId "2160767910030147"]
[EventDate "2009.11.27"]
[EventType "swiss"]
[EventRounds "5"]
[EventCountry "CAN"]
[SourceTitle "hb 2010.01"]

1. d4 Nf6 2. c4 g6 3. Nc3 Bg7 4. e4 d6 5. Bg5 h6 6. Bxf6 exf6 7. Nf3 O-O 8. Be2 Nc6 9. O-O f5 10. Rc1 fxe4 11. Nxe4 f5 12. Nc3 g5 13. d5 Ne5 14. h3 a5 15. Re1 Bd7 16. Nd4 f4 17. b3 Qf6 18. Ne4 Qg6 19. Bh5 Qh7 20. c5 Be8 21. Bxe8 Rfxe8 22. Ne6 dxc5 23. Rxc5 Rac8 24. Rxc7 Rxc7 25. Nxc7 Rd8 26. Ne6 Re8 27. Qc2 Nd7 28. Qc7 Nf6 29. Nxf6+ Bxf6 30. Qxh7+ Kxh7 31. Nxg5+ 1-0

[Event "Quebec-ch U14"]
[Site "Montreal CAN"]
[Date "2009.11.28"]
[Round "2"]
[White "Morin-Pare, Victor"]
[Black "Poterlot, Charles"]
[Result "1-0"]
[WhiteElo "1265"]
[BlackElo "1026"]
[PlyCount "75"]
[GameId "2160767910030148"]
[EventDate "2009.11.27"]
[EventType "swiss"]
[EventRounds "5"]
[EventCountry "CAN"]
[SourceTitle "hb 2010.01"]

1. e4 e5 2. Nf3 Nf6 3. Nc3 d6 4. d4 Nc6 5. h3 d5 6. Bg5 Bb4 7. exd5 exd4 8. Nxd4 Qe7+ 9. Be2 O-O 10. dxc6 Bxc3+ 11. bxc3 bxc6 12. Nxc6 Qd7 13. Qxd7 Bxd7 14. Ne5 Rfe8 15. Bxf6 gxf6 16. Nxd7 Re6 17. Rb1 Rae8 18. Kf1 Rxe2 19. Nxf6+ Kf8 20. Nxe8 Kxe8 21. Re1 Re6 22. Rxe6+ fxe6 23. g4 h6 24. Kg2 Kd7 25. Re1 c5 26. Re5 Kd6 27. f4 a6 28. g5 hxg5 29. Rxg5 c4 30. h4 a5 31. a4 Ke7 32. h5 Kf8 33. h6 e5 34. fxe5 Kf7 35. h7 Ke6 36. h8=Q Kd5 37. Qd8+ Kc5 38. Qd6# 1-0

[Event "Quebec-ch U14"]
[Site "Montreal CAN"]
[Date "2009.11.28"]
[Round "2"]
[White "Paille, Jordan"]
[Black "Vallieres, Clovis"]
[Result "1-0"]
[WhiteElo "1150"]
[BlackElo "1014"]
[PlyCount "75"]
[GameId "2160767910030149"]
[EventDate "2009.11.27"]
[EventType "swiss"]
[EventRounds "5"]
[EventCountry "CAN"]
[SourceTitle "hb 2010.01"]

1. d4 d5 2. Nc3 Nf6 3. Bf4 Nc6 4. g3 Bf5 5. a3 e6 6. Nb5 Qe7 7. Nxc7+ Kd8 8. Nxa8 e5 9. Bxe5 Nxe5 10. dxe5 Qxe5 11. Qd2 Qxb2 12. Rc1 Ne4 13. Qxd5+ Bd6 14. Rd1 Qxc2 15. Qa5+ Kc8 16. Qxf5+ Kb8 17. f3 Re8 18. fxe4 Rxe4 19. Rxd6 Rxe2+ 20. Bxe2 Qxf5 21. Rd8+ Qc8 22. Rxc8+ Kxc8 23. Nf3 Kb8 24. Kf2 Kxa8 25. Rd1 Kb8 26. Rd7 a5 27. Rxf7 Ka7 28. Rxg7 Kb6 29. Rxh7 a4 30. g4 Kc6 31. g5 b5 32. g6 b4 33. g7 b3 34. g8=Q b2 35. Qg5 b1=Q 36. Rh6+ Kd7 37. Qg7+ Kd8 38. Rh8# 1-0

[Event "Quebec-ch U14"]
[Site "Montreal CAN"]
[Date "2009.11.28"]
[Round "2"]
[White "Wu, Qiyou"]
[Black "Guo, Forest"]
[Result "1-0"]
[WhiteElo "1726"]
[BlackElo "1557"]
[PlyCount "83"]
[GameId "2160767910030150"]
[EventDate "2009.11.27"]
[EventType "swiss"]
[EventRounds "5"]
[EventCountry "CAN"]
[SourceTitle "hb 2010.01"]

1. e4 e5 2. Nf3 Nc6 3. Bb5 a6 4. Bxc6 dxc6 5. d3 f6 6. O-O Bd6 7. d4 Bg4 8. dxe5 Bxe5 9. Qxd8+ Rxd8 10. Nxe5 fxe5 11. f3 Be6 12. b3 Ne7 13. Bb2 Ng6 14. Nc3 O-O 15. Rad1 Rd4 16. Ne2 Rdd8 17. Bc1 h6 18. Bb2 Kf7 19. Ba3 Rfe8 20. g3 Bh3 21. Rfe1 Be6 22. Bb2 Bc8 23. Kf2 Rd6 24. Rd3 Rxd3 25. cxd3 Rd8 26. Ke3 c5 27. f4 exf4+ 28. gxf4 Nh4 29. Rg1 g6 30. Rd1 Bg4 31. Rg1 h5 32. Rg3 Re8 33. Kf2 Nf5 34. Rxg4 hxg4 35. exf5 gxf5 36. Be5 Rd8 37. Ke3 c6 38. Ng3 Ke6 39. Nh5 Kf7 40. Ng7 Kg6 41. Ne6 Rd7 42. Nf8+ 1-0

[Event "Quebec-ch U14"]
[Site "Montreal CAN"]
[Date "2009.11.28"]
[Round "2"]
[White "Xu, Tian Run"]
[Black "Zhang, Zhiyuan"]
[Result "0-1"]
[WhiteElo "1590"]
[BlackElo "1883"]
[PlyCount "142"]
[GameId "2160767910030151"]
[EventDate "2009.11.27"]
[EventType "swiss"]
[EventRounds "5"]
[EventCountry "CAN"]
[SourceTitle "hb 2010.01"]

1. e4 e6 2. d4 d5 3. e5 c5 4. Nf3 cxd4 5. Nxd4 Nc6 6. Nxc6 bxc6 7. Be3 Qc7 8. f4 Bd7 9. Nd2 Ne7 10. Be2 Rb8 11. Nb3 Nf5 12. Bf2 c5 13. Rb1 Bb5 14. O-O Bxe2 15. Qxe2 Be7 16. c3 O-O 17. Kh1 c4 18. Nd4 Nxd4 19. Bxd4 Bc5 20. Rfc1 Rb6 21. Rc2 Rfb8 22. Qf2 Bxd4 23. cxd4 Qd7 24. Rbc1 h6 25. Qd2 Rb5 26. Qc3 Qb7 27. Rb1 Qb6 28. g3 Qa5 29. b3 Qxc3 30. Rxc3 a5 31. Kg2 a4 32. Kf3 axb3 33. axb3 Rxb3 34. Rbc1 Rxc3+ 35. Rxc3 Rb3 36. Re3 Rxe3+ 37. Kxe3 f5 38. Ke2 Kf7 39. Ke3 g6 40. h4 Ke7 41. Kd2 Kd7 42. Kc3 Kc6 43. Kb4 Kb6 44. Ka4 c3 45. Kb3 Kb5 46. Kxc3 Ka4 47. Kc2 Kb4 48. Kd3 Kb3 49. Kd2 Kc4 50. Ke3 Kc3 51. Ke2 Kxd4 52. Kd2 Ke4 53. Ke2 d4 54. Kd2 Kf3 55. Kd3 Kxg3 56. Kxd4 Kxf4 57. Kd3 Kxe5 58. Kc3 f4 59. Kd3 Kf5 60. Ke2 Kg4 61. Kf2 Kxh4 62. Kf3 e5 63. Kg2 e4 64. Kf2 e3+ 65. Kf3 Kg5 66. Ke2 Kg4 67. Kf1 f3 68. Kg1 e2 69. Kh1 e1=Q+ 70. Kh2 Qg3+ 71. Kh1 Qg2# 0-1

[Event "Quebec-ch U14"]
[Site "Montreal CAN"]
[Date "2009.11.28"]
[Round "3"]
[White "Cote-Lalumiere, Tristan"]
[Black "Ma, Indy"]
[Result "1-0"]
[WhiteElo "1614"]
[BlackElo "1344"]
[PlyCount "56"]
[GameId "2160767910030152"]
[EventDate "2009.11.27"]
[EventType "swiss"]
[EventRounds "5"]
[EventCountry "CAN"]
[SourceTitle "hb 2010.01"]

1. e4 c5 2. Nf3 d6 3. d4 cxd4 4. Nxd4 Nf6 5. Nc3 a6 6. Be2 e5 7. Nb3 Be7 8. O-O O-O 9. f4 Nc6 10. Bf3 Be6 11. Be3 Rc8 12. Kh1 Qd7 13. f5 Bxb3 14. axb3 Qc7 15. g4 h6 16. h4 Nh7 17. Nd5 Qd8 18. Bb6 Qd7 19. Qe1 Nf6 20. Nxe7+ Qxe7 21. Rg1 Nd7 22. Be3 Kh7 23. Qg3 Rh8 24. Rg2 Nc5 25. Rag1 Nd4 26. g5 hxg5 27. Bxg5 f6 28. Bxf6 Qxf6 1-0

[Event "Quebec-ch U14"]
[Site "Montreal CAN"]
[Date "2009.11.28"]
[Round "3"]
[White "Guo, Forest"]
[Black "Drouin, Dominic"]
[Result "1-0"]
[WhiteElo "1557"]
[BlackElo "1076"]
[PlyCount "51"]
[GameId "2160767910030153"]
[EventDate "2009.11.27"]
[EventType "swiss"]
[EventRounds "5"]
[EventCountry "CAN"]
[SourceTitle "hb 2010.01"]

1. e4 e5 2. Nf3 Nf6 3. Nxe5 Nxe4 4. Qe2 d5 5. d3 Nf6 6. Nc6+ Qe7 7. Nxe7 Bxe7 8. Bg5 Bg4 9. f3 Be6 10. Nc3 O-O 11. O-O-O Nc6 12. Kb1 Nd4 13. Qf2 Nc6 14. g4 h6 15. Bxf6 Bxf6 16. d4 Bxd4 17. Rxd4 Nxd4 18. Qxd4 b6 19. h4 c5 20. Qf2 d4 21. Ne4 Rad8 22. g5 Bd5 23. gxh6 Bxe4 24. fxe4 g6 25. Qf6 Rd6 26. Qg7# 1-0

[Event "Quebec-ch U14"]
[Site "Montreal CAN"]
[Date "2009.11.28"]
[Round "3"]
[White "Lepine, Cedric"]
[Black "Wu, Qiyou"]
[Result "1/2-1/2"]
[WhiteElo "1814"]
[BlackElo "1726"]
[PlyCount "96"]
[GameId "2160767910030154"]
[EventDate "2009.11.27"]
[EventType "swiss"]
[EventRounds "5"]
[EventCountry "CAN"]
[SourceTitle "hb 2010.01"]

1. e4 c5 2. c3 Nc6 3. d4 d5 4. e5 Bf5 5. Nf3 e6 6. Bd3 Nge7 7. O-O Bxd3 8. Qxd3 Nf5 9. Be3 cxd4 10. cxd4 Qb6 11. Nc3 Rc8 12. a3 a5 13. Na4 Qa6 14. Qxa6 bxa6 15. Rac1 Be7 16. Rc2 O-O 17. Rfc1 Na7 18. Rc7 Rxc7 19. Rxc7 Nb5 20. Rc6 Rb8 21. g4 Nxe3 22. fxe3 Ra8 23. Nc5 Bxc5 24. dxc5 a4 25. Nd4 Kf8 26. Nxb5 axb5 27. Rb6 Ra5 28. c6 Ke7 29. Rb7+ Kd8 30. Rxf7 b4 31. Rxg7 b3 32. Rxh7 Rc5 33. Rf7 Rxc6 34. g5 Ke8 35. Rf2 Rc4 36. g6 Rc7 37. h4 Rc1+ 38. Kg2 Rc4 39. Kg3 Rc1 40. h5 Rg1+ 41. Rg2 Rh1 42. g7 Kf7 43. Kf2 Kg8 44. Rg5 Rh2+ 45. Kg3 Rh1 46. Kg2 Rh4 47. h6 Rxh6 48. Rg4 Rh5 1/2-1/2

[Event "Quebec-ch U14"]
[Site "Montreal CAN"]
[Date "2009.11.28"]
[Round "3"]
[White "Mokrani, Youcef"]
[Black "Xu, Tian Run"]
[Result "0-1"]
[WhiteElo "1021"]
[BlackElo "1590"]
[PlyCount "74"]
[GameId "2160767910030155"]
[EventDate "2009.11.27"]
[EventType "swiss"]
[EventRounds "5"]
[EventCountry "CAN"]
[SourceTitle "hb 2010.01"]

1. e4 c5 2. d4 cxd4 3. Qxd4 Nc6 4. Qd1 Nf6 5. Nc3 d6 6. Nf3 e6 7. Bd3 Be7 8. O-O a6 9. Bg5 Qc7 10. Bxf6 Bxf6 11. Qe2 O-O 12. Qe3 b5 13. Ng5 h6 14. Nf3 Bb7 15. Rad1 Rfd8 16. a4 b4 17. Na2 Bxb2 18. Rb1 Ba3 19. Rb3 Na5 20. Rbb1 Nc4 21. Bxc4 Qxc4 22. Qb3 Qxb3 23. Rxb3 Bxe4 24. Nxb4 Bxb4 25. Rxb4 Bxc2 26. Nd4 a5 27. Rc4 Bd3 28. Rc3 Bxf1 29. Kxf1 Rdc8 30. Rb3 Rab8 31. Rxb8 Rxb8 32. Nc6 Rb6 33. Nxa5 Ra6 34. Nc4 Rxa4 35. Nxd6 Kf8 36. Nc8 Ra6 37. g3 Ke8 0-1

[Event "Quebec-ch U14"]
[Site "Montreal CAN"]
[Date "2009.11.28"]
[Round "3"]
[White "Paille, Jordan"]
[Black "Adamowicz, Marek"]
[Result "0-1"]
[WhiteElo "1156"]
[BlackElo "1311"]
[PlyCount "56"]
[GameId "2160767910030156"]
[EventDate "2009.11.27"]
[EventType "swiss"]
[EventRounds "5"]
[EventCountry "CAN"]
[SourceTitle "hb 2010.01"]

1. d4 d5 2. c4 e6 3. Bf4 Nf6 4. e3 Nc6 5. Nf3 Bd6 6. Bxd6 cxd6 7. Nc3 dxc4 8. Bxc4 O-O 9. e4 Re8 10. e5 dxe5 11. dxe5 Ng4 12. Bb5 Qb6 13. O-O Rd8 14. Qe2 Bd7 15. Bd3 g6 16. Qe4 Nh6 17. Rad1 Nf5 18. Bb5 Ncd4 19. Nxd4 Nxd4 20. Rxd4 Bxb5 21. Rxd8+ Rxd8 22. Nxb5 Qxb5 23. b3 Rd5 24. Re1 Qa5 25. a4 Qc3 26. Re3 Rd1+ 27. Re1 Rxe1+ 28. Qxe1 Qxe1# 0-1